Systémové predpoklady pre realizáciu obchodu a služieb na vnútornom trhu EÚ
Zmeny systémových podmienok pre realizáciu obchodu a služieb. Obchod s tovarom na vnútornom trhu EÚ. Pohyb služieb na vnútornom trhu EÚ. Analýza podmienok pre realizáciu obchodu a služieb v EÚ naznačuje, že napriek snahe o čo najväčšiu liberalizáciu a tým o zabezpečenie realizácie cezhraničných obc...
Gespeichert in:
| 1. Verfasser: | |
|---|---|
| Format: | Buchkapitel |
| Sprache: | Slowakisch |
| Schlagworte: | |
| Tags: |
Keine Tags, Fügen Sie das erste Tag hinzu!
|
MARC
| LEADER | 00000naa$a2200000$$$4500 | ||
|---|---|---|---|
| 001 | 0040630 | ||
| 005 | 20240502071508.6 | ||
| 041 | 0 | |a slo | |
| 044 | |a SK | ||
| 245 | 1 | 0 | |a Systémové predpoklady pre realizáciu obchodu a služieb na vnútornom trhu EÚ |c Zuzana Mogyorosiová |
| 520 | |a Zmeny systémových podmienok pre realizáciu obchodu a služieb. Obchod s tovarom na vnútornom trhu EÚ. Pohyb služieb na vnútornom trhu EÚ. Analýza podmienok pre realizáciu obchodu a služieb v EÚ naznačuje, že napriek snahe o čo najväčšiu liberalizáciu a tým o zabezpečenie realizácie cezhraničných obchodných transakcií za podmienok, ktoré sa čo možno najviac podobajú podmienkam realizácie obchodu s tovarmi a službami v rámci národného hospodárstva, v praxi dochádza často k uplatneniu prekážok rôzneho druhu. Konštatovanie, že liberalizácia pohybu služieb je problematickejšia než liberalizácia pohybu tovaru. | ||
| 610 | 2 | 0 | |a Európska únia |
| 610 | 2 | 0 | |a služby |
| 610 | 2 | 0 | |a pohyb služieb voľný |
| 610 | 2 | 0 | |a obchod |
| 610 | 2 | 0 | |a trh vnútorný |
| 610 | 2 | 0 | |a pohyb tovaru |
| 610 | 2 | 0 | |a liberalizácia |
| 610 | 2 | 0 | |a bariéry obchodu vnútorného |
| 610 | 2 | 0 | |a trh spoločný |
| 100 | 1 | |a Mogyorosiová, Zuzana, 1975- | |